[Event "FRA-chT3"]
[Site "France"]
[Date "2001.??.??"]
[Round "7"]
[White "Kozlowski, Thierry"]
[Black "Thiers, Jean Jacques"]
[Result "1-0"]
[WhiteElo "2035"]
[BlackElo "1850"]
[PlyCount "65"]
[EventDate "2001.??.??"]
[EventType "team"]
[EventRounds "9"]
[EventCountry "FRA"]
[SourceTitle "EXT 2003"]
[Source "ChessBase"]
[SourceDate "2002.11.25"]
[SourceVersion "1"]
[SourceVersionDate "2002.11.25"]
[SourceQuality "1"]

1. d4 d5 2. Nf3 e6 3. c4 Nf6 4. Nc3 Nbd7 5. Bf4 c6 6. cxd5 exd5 7. e3 Be7 8. Bd3 0-0 9. h3 Re8 10. 0-0 Nf8 11. Qb1 Nh5 12. Bh2 Bd6 13. b4 Bxh2+ 14. Kxh2 g6 15. Rc1 Ng7 16. b5 Bf5 17. bxc6 Bxd3 18. Qxd3 bxc6 19. Na4 Qd6+ 20. Kg1 Nd7 21. Qa6 Rec8 22. Rab1 Ne6 23. Rb7 Rc7 24. Rxc7 Qxc7 25. Rxc6 Qd8 26. Rd6 Qe7 27. Qc6 Nb8 28. Qxd5 Nc7 29. Rd8+ Kg7 30. Qe5+ Qxe5 31. Nxe5 Kf6 32. Rf8 Ke7 33. Rxf7+ 1-0

[Event "FRA-chT3"]
[Site "France"]
[Date "2001.??.??"]
[Round "5"]
[White "Thiers, Jean Jacques"]
[Black "Saumont, Yves"]
[Result "1/2-1/2"]
[WhiteElo "1850"]
[BlackElo "1750"]
[PlyCount "124"]
[EventDate "2001.??.??"]
[EventType "team"]
[EventRounds "9"]
[EventCountry "FRA"]
[SourceTitle "EXT 2003"]
[Source "ChessBase"]
[SourceDate "2002.11.25"]
[SourceVersion "1"]
[SourceVersionDate "2002.11.25"]
[SourceQuality "1"]

1. e4 d5 2. exd5 Qxd5 3. d4 e5 4. Be3 Nc6 5. Nc3 Bb4 6. Nge2 Bf5 7. a3 Bxc3+ 8. Nxc3 Qd7 9. d5 Nce7 10. Bb5 c6 11. dxc6 Qxd1+ 12. Rxd1 bxc6 13. Ba4 Nf6 14. Bc5 Bd7 15. 0-0 Nfd5 16. Ne4 Nc8 17. Rd3 f5 18. Nc3 Ncb6 19. Bb3 Nxc3 20. Rxc3 0-0-0 21. Rd1 e4 22. f3 exf3 23. Rxf3 Rhe8 24. Rfd3 f4 25. Kf2 Bf5 26. Rxd8+ Rxd8 27. Rxd8+ Kxd8 28. Kf3 g5 29. c3 Kd7 30. g3 fxg3 31. hxg3 Nc8 32. Ke3 h5 33. Kd4 h4 34. Ke3 hxg3 35. Kf3 Kc7 36. Kxg3 Kb7 37. Bc4 Nb6 38. Bb3 Nd7 39. Be3 g4 40. Kf4 Bd3 41. Kxg4 Ne5+ 42. Kf4 Nc4 43. Bc1 Kb6 44. Ba2 a6 45. b3 Na5 46. Be3+ Kb7 47. Ke5 Kc7 48. Kd4 Bc2 49. Bf4+ Kb6 50. b4 Nb7 51. c4 c5+ 52. Kc3 Be4 53. Be3 Kc6 54. Bb3 cxb4+ 55. axb4 Bf3 56. Kd4 Kd7 57. c5 Bc6 58. Bc4 Bb5 59. Bg5 Kc6 60. Be7 Kd7 61. Bxb5+ axb5 62. Bg5 Kc6 1/2-1/2

[Event "Provence-ch Majeur op 9697"]
[Site "France"]
[Date "1997.??.??"]
[Round "6"]
[White "Bon, Michael"]
[Black "Thiers, Jean Jacques"]
[Result "1-0"]
[WhiteElo "2050"]
[BlackElo "1710"]
[PlyCount "59"]
[EventDate "1996.??.??"]
[EventType "swiss"]
[EventRounds "7"]
[EventCountry "FRA"]
[SourceTitle "EXT 2005"]
[Source "ChessBase"]
[SourceDate "2004.11.15"]
[SourceVersion "1"]
[SourceVersionDate "2004.11.15"]
[SourceQuality "1"]

1. e4 c5 2. Nf3 d6 3. d4 cxd4 4. Nxd4 Nf6 5. Nc3 a6 6. Bc4 e6 7. a4 Be7 8. 0-0 Nbd7 9. Bxe6 Nc5 10. Bd5 0-0 11. Re1 Re8 12. f3 Nxd5 13. Nxd5 Bf6 14. a5 Ne6 15. Be3 Bh4 16. g3 Bg5 17. Bf2 Nc5 18. Nb6 Rb8 19. b4 Nd7 20. Nf5 Nxb6 21. Bxb6 Qd7 22. Nxd6 Re6 23. e5 Qc6 24. c4 Bd7 25. Qd3 Be8 26. Qd5 Be7 27. Rad1 Bxd6 28. exd6 Qxd5 29. cxd5 Rxd6 30. Bc7 1-0

[Event "Provence-chA"]
[Site "Provence"]
[Date "1990.??.??"]
[Round "6"]
[White "Courbiere, Jean Remy"]
[Black "Thiers, Jean Jacques"]
[Result "1/2-1/2"]
[WhiteElo "1660"]
[BlackElo "1720"]
[PlyCount "95"]
[EventDate "1990.??.??"]
[EventType "swiss"]
[EventRounds "7"]
[EventCountry "FRA"]
[SourceTitle "EXT 2005"]
[Source "ChessBase"]
[SourceDate "2004.11.15"]
[SourceVersion "1"]
[SourceVersionDate "2004.11.15"]
[SourceQuality "1"]

1. e4 c5 2. Nc3 d6 3. g3 Nc6 4. Bg2 Nf6 5. d3 e6 6. Bg5 Be7 7. Nge2 Rb8 8. 0-0 b5 9. Qd2 Bd7 10. Nd1 h6 11. Bxf6 Bxf6 12. c3 0-0 13. Ne3 b4 14. Ng4 bxc3 15. Nxf6+ Qxf6 16. bxc3 e5 17. Rfb1 Bg4 18. Rb2 Rxb2 19. Qxb2 Rb8 20. Qc2 Qd8 21. f3 Be6 22. Rb1 Rxb1+ 23. Qxb1 Qa5 24. Kf2 Qxa2 25. Qxa2 Bxa2 26. Bf1 Kf8 27. Ke3 Ke7 28. f4 f6 29. Nc1 Bf7 30. f5 d5 31. Bg2 d4+ 32. Kd2 a5 33. c4 a4 34. Kc2 Kd6 35. Bf3 Kc7 36. Kb2 Kb6 37. Ka3 Nb4 38. Kxa4 Be8+ 39. Kb3 Ka5 40. Be2 Ba4+ 41. Ka3 Bc2 42. h4 Kb6 43. h5 Ka6 44. Kb2 Ka5 45. Ka3 Ka6 46. Kb2 Kb6 47. Ka3 Ka5 48. Nb3+ 1/2-1/2

[Event "Provence-chA"]
[Site "Provence"]
[Date "1990.??.??"]
[Round "4"]
[White "Habib, George"]
[Black "Thiers, Jean Jacques"]
[Result "1/2-1/2"]
[WhiteElo "1730"]
[BlackElo "1720"]
[PlyCount "47"]
[EventDate "1990.??.??"]
[EventType "swiss"]
[EventRounds "7"]
[EventCountry "FRA"]
[SourceTitle "EXT 2005"]
[Source "ChessBase"]
[SourceDate "2004.11.15"]
[SourceVersion "1"]
[SourceVersionDate "2004.11.15"]
[SourceQuality "1"]

1. e4 c5 2. Nf3 d6 3. d4 cxd4 4. Nxd4 Nf6 5. Nc3 a6 6. Bg5 e6 7. f4 Be7 8. Be2 0-0 9. Qd2 Qc7 10. 0-0 Nc6 11. Nb3 h6 12. Bxf6 Bxf6 13. Bf3 b5 14. a3 Bb7 15. g4 Rfd8 16. Qg2 Nd4 17. g5 Nxf3+ 18. Rxf3 Bxc3 19. Rxc3 Qb6+ 20. Kf1 hxg5 21. Rg3 Qc6 22. Rxg5 g6 23. Rxg6+ fxg6 24. Qxg6+ 1/2-1/2